المبادئ المتعلقة بالعقود التجارية الدولية / (Record no. 24072)
[ view plain ]
| 000 -الفاتح | |
|---|---|
| حقل البيانات ثابتة الطول | 01773nam a22003135a 4500 |
| 003 - محدد رقم الضبط | |
| رقم الضبط | OSt |
| 005 - وقت وتاريخ اخر تعامل مع التسجيلة | |
| رقم الضبط | 20170228115911.0 |
| 008 - عناصر البيانات ثابتة الطول - معلومات عامة | |
| حقل البيانات ثابتة الطول | 170206s2014 it a frb 001 0 ara d |
| 020 ## - الرقم الدولى المعيارى للكتب | |
| الرقم الدولى المعيارى للكتاب | 8208644988 |
| 040 ## - مصدر الفهرسة | |
| وكالة الفهرسة الأصلية | EG-ScBUE |
| لغة الفهرسة | ara |
| وكالة النسخ | EG-ScBUE |
| 041 1# - رمز اللغة | |
| رمز لغة النص/ المسارات الصوتية أو العنوان الانفرادي | ara |
| رمز لغة الترجمات و/او الاصلية المتوسطة للنص | eng |
| -- | fre |
| 082 04 - رقم تصنيف ديوى العشرى | |
| رقم التصنيف | 340.92 |
| رقم المادة | م ب ا |
| رقم الطبعة | 22 |
| 110 2# - المدخل الرئيسى - إسم هيئة | |
| اسم الهيئة أو اسم السلطة كمدخل | المعهد الدولي لتوحيد القانون الخاص (يونيدروا) |
| 245 12 - بيان العنوان | |
| العنوان | المبادئ المتعلقة بالعقود التجارية الدولية / |
| بيان المسئوليه,etc | المعهد الدولي لتوحيد القانون الخاص ؛ الترجمة العربية والإعداد أمية علوان، محي الدين إسماعيل علم الدين، محمد حسام محمود لطفي. |
| 250 ## - بيان الطبعة | |
| بيان الطبعة | ط. 2. |
| 260 ## - PUBLICATION, DISTRIBUTION, ETC. (IMPRINT) | |
| مكان الناشر او الموزع | روما : |
| اسم الناشر او الموزع | المعهد الدولي لتوحيد القانون الخاص (يونيدروا) ؛ |
| مكان الناشر او الموزع | القاهرة : |
| اسم الناشر او الموزع | دار النهضة العربية، |
| تاريخ النشر أو التوزيع | 2014. |
| 300 ## - الوصف المادى | |
| التعداد | 567 ص. ؛ |
| تفاصيل ماديه اخرى للوعاء | إيض. : |
| أبعاد الوعاء | 24 سم. |
| 500 ## - تبصرة عامة | |
| تبصرة عامة | الترجمة العربية لعام 2014 لصيغة "يونيدروا" باللغتين الإنجليزية 2010 والفرنسية 2011. |
| 504 ## - تبصرة ببليوجرافية | |
| تبصرة ببليوجرافية,الخ | يشتمل على إرجاعات ببليوجرافية وكشافات. |
| 546 ## - تبصرة اللغة | |
| تبصرة اللغة | ترجم من اللغة الإنجليزية والفرنسية. |
| 650 #7 - المدخل الاضافى بالموضوع-مصطلح موضوعى | |
| مصطلح موضوعي أو اسم جغرافي كعنصر مدخل | العقود التجارية (قانون دولي) |
| مصدر الرأس أو المصطلح | BUEsh |
| 650 #7 - المدخل الاضافى بالموضوع-مصطلح موضوعى | |
| مصطلح موضوعي أو اسم جغرافي كعنصر مدخل | القانون الدولي الاقتصادي. |
| مصدر الرأس أو المصطلح | BUEsh |
| 9 (RLIN) | 41054 |
| 651 ## - المدخل الاضافى بالموضوع - اسم جغرافى | |
| مصدر الرأس أو المصطلح | BUEsh |
| 653 ## - مصطلح تكشيفى غير مقيد | |
| Resource For college | Law |
| Arrived date list | February2017 |
| 700 1# - المدخل الاضافى - اسم شخصى | |
| الإسم الشخصى | علوان، أمية، |
| الدور | مترجم، |
| -- | معد. |
| 700 1# - المدخل الاضافى - اسم شخصى | |
| الإسم الشخصى | لطفي، محمد حسام محمود، |
| الدور | مترجم، |
| -- | معد. |
| 9 (RLIN) | 20399 |
| 700 1# - المدخل الاضافى - اسم شخصى | |
| الإسم الشخصى | علم الدين، محي الدين إسماعيل، |
| الدور | مترجم، |
| -- | معد. |
| 942 ## - عناصر المدخل الإضافي( كوها) | |
| مصدر التصنيف او مخطط الترفيف | Dewey Decimal Classification |
| حالة التراجع | حالة الفقد | مصدر التصنيف او خطة الترفيف | حالة تلف | ليس للاعارة | مجموعات كوها | المكان الدائم | المكان الحالي | موقع الترفيف | تاريخ الاكتساب | Source of acquisition | سعر الشراء الطبيعي | تعداد مسلسل / التسلسل الزمني | رقم الاستدعاء | الباركود | Date last seen | مُعار | التكلفة | نوع الوعاء |
|---|---|---|---|---|---|---|---|---|---|---|---|---|---|---|---|---|---|---|
| Dewey Decimal Classification | دار النهضة العربية | Central Library | Central Library | First floor | 06/02/2017 | Purchase | 140.00 | 2815 | 340.92 م ب ا | 000041092 | 15/07/2025 | 20/02/2022 | 175.00 | Book - Borrowing | ||||
| Dewey Decimal Classification | دار النهضة العربية | Central Library | Central Library | First floor | 06/02/2017 | Purchase | 140.00 | 2815 | 340.92 م ب ا | 000041093 | 15/07/2025 | 175.00 | Book - Borrowing |